000
00289nam a2200109Ia 4500
008
190914s9999||||xx |||||||||||||| ||und||
100
_a
Smarajit Ghosh
245
0
_a
Fundamentals of Electrical and Electronics Engineering
260
_a
New york
_b
Prentice
_c
1995
300
_a
408
942
_c
BK
999
_c
8758
_d
8758